un vincitore del pallone d'oro per ogni lettera - Statistics

Statistiche generali
  • Questo quiz è stato fatto 74 volte
  • Il punteggio medio è 12 su 19
Statistiche sulle risposte
Hint Risposta % Corretto
M Matthews | Masopust | Muller | Matthaus | Messi | Modric
100%
R Rivera | Rummenigge | Rossi | Ronaldo | Rivaldo | Ronaldinho | Cristiano Ronaldo | Rodri
100%
B Best | Beckenbauer | Blochin | Belanov | Baggio | Benzema
97%
C Charlton | Cruyff | Cannavaro
89%
K Kopa | Keegan | Kaka
82%
S Suarez | Sivori | Simonsen | Stoichkov | Sammer | Schevchenko
82%
D Di Stefano | Dembele
75%
Y Yashin
74%
O Owen
71%
Z Zidane
68%
W Weah
65%
P Platini | Papin
63%
V Van Basten
62%
G Gullit
55%
N Nedved
55%
E Eusebio
37%
F Figo
35%
A Albert
11%
L Law
8%
Nessun quiz corrispondente trovato
Distribuzione punteggi
Percentuale di utenti per punteggio
Percentile per numero di risposta
I tuoi punteggi nel tempo
Non hai fatto questo quiz